| 000 | 00721cab a2200241 4500 | ||
|---|---|---|---|
| 001 | ABS52967 | ||
| 008 | 090401t1995 xxu||||| |||| 00| 0 eng d | ||
| 035 | _a(Sirsi) u1130 | ||
| 041 | _aeng | ||
| 100 | _aNichols, M. | ||
| 245 | _aNew partnership rules | ||
| 260 | _c1995 | ||
| 350 | _a0 | ||
| 490 |
_aEstates Gazette _v(9520) 20 May 1995, 126-127(2) |
||
| 520 | _aConsiders the forthcoming reform of the income tax system relating to partnerships and suggests some tax planning points to consider. | ||
| 650 | _aINCOME TAX | ||
| 650 | _aPARTNERSHIPS | ||
| 650 | _aSELF-ASSESSMENT | ||
| 690 | _aMANAGEMENT-BUSINESS MANAGEMENT-PROFESSIONAL PRACTICE | ||
| 690 | _aTAXATION | ||
| 942 | _n0 | ||
| 948 | _c04/03/1997 | ||
| 999 |
_c618 _d618 |
||